000 00591cam a22002053a 4500
001 44280
003 PGUSA
005 20140828084018.0
008 131125s2013||||xxu|||||s|||||000 | eng d
040 _aPGUSA
_beng
042 _adc
100 1 _aTyerman, Luke
245 1 4 _aThe Life of the Rev. George Whitefield, Volume I (of 2)
_h[electronic resource] /
_cLuke Tyerman
260 _bProject Gutenberg,
_c2013
506 _aPublic domain in the USA.
516 _aElectronic text
830 0 _aProject Gutenberg
_v44280
856 4 0 _uhttp://www.gutenberg.org/ebooks/44280
942 _cEB
999 _c273531
_d273531